000 00495nam a2200181Ia 4500
008 240729s9999 xx 000 0 und d
022 _a2665-9441
245 0 _aCurrent Research in Physiology
260 _aNetherlands
260 _bElsevier
650 _a Internal medicine
650 _a Physiology | Medicine
650 _a Specialties of internal medicine
650 _aScience
856 _uhttps://doaj.org/toc/1aada44bfffb46eb8008ef3ee1a86b65
942 _2ddc
942 _cDOAJEJ
999 _c70073
_d70073
945 _a1
_bMadushi Gamage
_c1
_dMadushi Gamage